00890nam a2200229 a 4500001001000000003000500010005001700015008004100032010001100073011001100084040000900095100002900104245015800133260004100291500006000332502009300392650002400485650002200509650003700531650002200568856007000590000112332CHAP20250926130813.0160302s2016 mx a fsm |||||||spa d a108793 a109765 cCHAP1 aSantiago Mendoza, Andrea10aHongos endófitos asociados al cultivo de la vid (Vitis vinífera L.) en la zona vitícola de Querétaro/h[En línea]cpor Andrea Santiago Mendoza. aChapingo, Méx. :bEl autor,c2016. aPara ver el contenido del material haga clic en la liga aTesis (M.C. en Protección Vegetal) -- UACH. Departamento de Parasitología Agrícola14aHongos parásitos.14aHongos y plantas.17aVidesxEnfermedades por hongos214aVidxQuerétaro. aFinding aiduhttp://10.13.5.2/tesis/sist112332.pdfzTeclea aquí